Entry Personal Name
Number of records used in: 1
001 - CONTROL NUMBER
003 - CONTROL NUMBER IDENTIFIER
005 - DATE AND TIME OF LATEST TRANSACTION
- control field:
20230915150524.0
008 - FIXED-LENGTH DATA ELEMENTS
- fixed length control field:
961205n| acannaab| |n aaa |||
010 ## - LIBRARY OF CONGRESS CONTROL NUMBER
- LC control number:
n 96117195
040 ## - CATALOGING SOURCE
- Original cataloging agency:
DLC
- Transcribing agency:
DLC
- Modifying agency:
DLC
100 10 - HEADING--PERSONAL NAME
- Personal name:
McRobert, Stuart
670 ## - SOURCE DATA FOUND
- Source citation:
The insider's tell-all handbook on weight-training technique, c1996:
- Information found:
t.p. (Stuart McRobert) p. 4 of cover (editor of Hardgainer magazine)
670 ## - SOURCE DATA FOUND
- Source citation:
Beyond brawn, c1998:
- Information found:
t.p. (Stuart McRobert) p. 463 (b. 1958)